| 000 | 01356 a2200241 4500 | ||
|---|---|---|---|
| 001 | 43866 | ||
| 005 | 20260407155719.0 | ||
| 008 | 260407a2010 arg spa d | ||
| 003 | AR-UNSa-BCEJYS | ||
| 040 |
_aAR-UNSa-BCEJYS _bspa _cAR-UNSa-BCEJYS |
||
| 080 |
_a657.05 _xContabilidad de gestión (Contabilidad gerencial, control de gestión...) |
||
| 245 | 1 | 0 |
_aContabilidad de gestión _pprofundización en el cálculo del coste y proceso de planificación y control |
| 020 | _a978-84-368-2355-4 | ||
| 264 | 1 |
_aMadrid : _bEdiciones Pirámide _c2010 |
|
| 300 |
_a395 p. _c24 cm. |
||
| 505 | _a1. El sistema de costes basado en las actividades (ABC) - 2. Asignación de costes: costes conjuntos y subproductos - 3. Problemática del coste en sistemas de producción por procesos, órdenes de trabajo y operaciones - 4. Presupuesto y contabilidad por áreas de responsabilidad - 5. Control presupuestario: presupuesto flexible y coste estándar - 6. Cálculo y análisis de las desviaciones - 7. El modelo de los costes variables y el análisis coste-volumen-beneficio | ||
| 041 | _aspa | ||
| 942 | _cBK | ||
| 590 | _aniveau_biblio:m niveau_hierar:0 | ||
| 100 | 1 | _aGutiérrez Hidalgo, Fernando | |
| 700 | 1 | _aÁlvarez-Dardet Espejo, María Concepción | |
| 856 | 4 | 1 |
_uhttps://biblioeco.unsa.edu.ar/pmb/images/libros/L126794.jpg _yImagen de portada _qimage/jpeg |
| 999 |
_c3734 _d3734 |
||